[Event "POL-chT3 Dolnoslaskie 1617"]
[White "Machlowski, Slawomir"]
[Black "Wrobel, Maciej"]
[Site "Poland"]
[Round "7.7"]
[Result "1-0"]
[Date "2017.02.05"]
[WhiteElo "2112"]
[BlackElo "1996"]
[PlyCount "89"]
[EventDate "2016.10.16"]
[EventType "team-tourn"]
[EventRounds "11"]
[EventCountry "POL"]
[SourceTitle "EXT 2018"]
[Source "ChessBase"]
[SourceDate "2017.10.13"]
[SourceVersion "1"]
[SourceVersionDate "2017.10.13"]
[SourceQuality "1"]

1. g3 g6 2. Bg2 Bg7 3. c4 Nf6 4. Nc3 0-0 5. b4 c6 6. Bb2 d5 7. cxd5 cxd5 8. Nf3 Re8 9. d3 e5 10. 0-0 Nbd7 11. Rc1 a6 12. Qb3 Nb6 13. Na4 Nxa4 14. Qxa4 Bd7 15. Qb3 Bh6 16. Nxe5 Bxc1 17. Rxc1 Be6 18. Qc3 Rc8 19. Qd4 Rxc1+ 20. Bxc1 Nh5 21. g4 Ng7 22. Bb2 f6 23. Nf3 Qe7 24. g5 fxg5 25. Nxg5 h6 26. Nxe6 Nxe6 27. Qh8+ Kf7 28. Qh7+ Kf8 29. Qxh6+ Kf7 30. Bxd5 Rg8 31. Qe3 Rd8 32. Qe5 Rxd5 33. Qxd5 Qxb4 34. Qe5 Qg4+ 35. Kf1 Qh3+ 36. Ke1 Qg4 37. f3 Qh4+ 38. Kd2 Qb4+ 39. Bc3 Qh4 40. d4 Qh6+ 41. Kd1 Qh4 42. d5 Qa4+ 43. Ke1 Qh4+ 44. Kd2 Qh6+ 45. Kd1 1-0

[Event "CZE-chT1E 1617"]
[White "Paszewski, Mateusz"]
[Black "Machlowski, Slawomir"]
[Site "Czech Republic"]
[Round "3.4"]
[Result "1-0"]
[Date "2016.11.20"]
[WhiteElo "2291"]
[BlackElo "2112"]
[PlyCount "105"]
[EventDate "2016.10.16"]
[EventType "team-tourn"]
[EventRounds "11"]
[EventCountry "CZE"]
[SourceTitle "CBM 175 Extra"]
[Source "ChessBase"]
[SourceDate "2016.12.12"]
[SourceVersion "1"]
[SourceVersionDate "2016.12.12"]
[SourceQuality "1"]
[WhiteTeam "Frydek Mistek II"]
[BlackTeam "Region Panda"]
[WhiteTeamCountry "CZE"]
[BlackTeamCountry "CZE"]

1. e4 e6 2. d4 c5 3. Nf3 cxd4 4. Nxd4 Qb6 5. Nb3 Qc7 6. Bd3 Nf6 7. Nc3 a6 8. 0-0 d6 9. a4 b6 10. f4 Nbd7 11. Qe2 Be7 12. Bd2 Bb7 13. Rae1 Nc5 14. Nxc5 Qxc5+ 15. Kh1 h5 16. e5 Ng4 17. exd6 Qxd6 18. h3 Qd4 19. Ne4 Bh4 20. Bc3 Qd5 21. Rd1 0-0-0 22. Rf3 Qc6 23. Ra1 Kb8 24. Ra3 Ka7 25. b4 f5 26. Nd2 Qc7 27. Rf1 Bg3 28. a5 b5 29. hxg4 hxg4+ 30. Kg1 Ka8 31. Qe3 Bh2+ 32. Kf2 Qc6 33. Ke2 Qxg2+ 34. Kd1 Rh3 35. Qe2 Qd5 36. Be5 g3 37. c4 bxc4 38. Bxc4 Qc6 39. b5 Qc5 40. bxa6 Be4 41. Re3 Qb4 42. Rb3 Qxa5 43. Kc1 Bc6 44. Rd1 Rhh8 45. Bb5 Bd5 46. Nc4 Rc8 47. Kb2 Qd8 48. Qe3 Bg1 49. Qxg1 Rh2+ 50. Kb1 Be4+ 51. Ka1 Qxd1+ 52. Qxd1 g2 53. Nb6+ 1-0

[Event "POL-chT3 Dolnoslaskie 1516"]
[White "Zombirt, Filip"]
[Black "Machlowski, Slawomir"]
[Site "Poland"]
[Round "4.23"]
[Result "1-0"]
[Date "2015.12.13"]
[WhiteElo "1992"]
[BlackElo "2106"]
[PlyCount "97"]
[EventDate "2015.10.18"]
[EventType "team-tourn"]
[EventRounds "11"]
[EventCountry "POL"]
[SourceTitle "EXT 2018"]
[Source "ChessBase"]
[SourceDate "2017.10.13"]
[SourceVersion "1"]
[SourceVersionDate "2017.10.13"]
[SourceQuality "1"]

1. d4 c5 2. d5 e5 3. e4 d6 4. Bb5+ Nd7 5. a4 Be7 6. Nf3 h6 7. 0-0 Bg5 8. Nc3 a6 9. Bd3 Nf8 10. Nd2 Bxd2 11. Bxd2 g5 12. a5 Bd7 13. Na4 Bxa4 14. Rxa4 Rc8 15. Qe2 Qc7 16. Bc4 Ng6 17. g3 Qd7 18. Rfa1 Nf6 19. b4 Qh3 20. b5 Rg8 21. Kh1 axb5 22. Bxb5+ Kf8 23. a6 bxa6 24. Rxa6 Rb8 25. c4 Ke7 26. Ra7+ Kf8 27. R7a6 Ke7 28. Rc6 Rb7 29. Raa6 Ne8 30. Ba5 f5 31. Rc8 Kf7 32. Raa8 Nf6 33. Rxg8 Nxg8 34. Be8+ Kg7 35. Bxg6 Rb1+ 36. Be1 Rb2 37. Bxf5 Rxe2 38. Bxh3 Rxe1+ 39. Kg2 Rxe4 40. Be6 Ne7 41. Rd8 Rxc4 42. Rxd6 Rd4 43. Rd8 c4 44. d6 Nc6 45. Rc8 Rxd6 46. Bxc4 Ne7 47. Re8 Ng6 48. Be2 Ne7 49. Rxe7+ 1-0